000 00393nam a2200169Ia 4500
008 180424s9999 xx 000 0 und d
084 _aT10 K151
100 _a"Karuppaswamy, R"
245 0 _aMouniyin Sirukathai Kalai
250 _a\\199800TAMGPSX
260 _aNCBH
260 _b1998
260 _cMadras
300 _a144p
500 _aincludes index and biblioraphy
942 _cBK
999 _c62120
_d62120